| 000 | 00806nas a2200277 4500 | ||
|---|---|---|---|
| 001 | BR9209441 | ||
| 003 | BR-BrBNA | ||
| 005 | 20231205093256.0 | ||
| 007 | ta | ||
| 008 | 230509b bl.|||p| |||| 00| 00por d | ||
| 040 |
_aBR-BrBNA _bpor _cBiblioteca Nacional de Agricultura |
||
| 041 | _a(Pt) | ||
| 072 | _aL70 | ||
| 100 | 1 | _aJardim, E.C. | |
| 100 | 1 | _aSilva, P.R.F. da | |
| 100 | 1 | _aLemos, G.B. de | |
| 100 | 1 | _aBezerra, C.A.X. | |
| 100 | 1 | _aFichtner, S.S. | |
| 245 | 1 | _aTorsao do abomaso em bovinos relato de um caso | |
| 650 | _aBOVINO | ||
| 650 | _aDISTURBIO FISIOLOGICO | ||
| 650 | _aVETERINARIA | ||
| 773 | 0 |
_tAnais da Escola de Agronomia e Veterinaria (Brazil) _xISSN 0100-218X _g(1977), v. 7(1) p. 45-52 _wBR9209441 |
|
| 909 |
_a202311 _bLúcia _c55 _dLúcia Elande |
||
| 942 |
_2AGRIS _n0 _cANA |
||
| 999 |
_c137233 _d137233 |
||